000 00616nam a2200193 a 4500
001 000027047
005 20240412074252.0
008 110329s1972 dr 000 j spa d
040 _aDO-SdBNP
_bspa
_cBNPHU
082 _aRD863.44
_bH557o
100 1 _aHernández Acosta, Angel
_929243
245 1 0 _aOtra vez la noche :
_bcuentos /
_cAngel Hernández Acosta.
260 _aSanto Domingo :
_bImpresora Arte y Cine,
_c1972.
300 _a73 P. ;
_c22 cm.
590 _aInventariado, 2020 /LP
650 0 _aCuentos dominicanos
_9176
650 0 _aLiteratura dominicana.
_967
910 _aValidado. Control de calidad MFF
999 _c26539
_d26539